00410nam a22001452 4500001001100000005001700011008004100028040001500069050002200084100003200106245004800138260002600186300001000212600004200222000000120720151217155808.0070227s xx 000 0 eng d aKABUcKABU 0aDT443.3b.N93A2721 aAbrahams, R. G.@000014875914aThe Peoples of greater Unyamwezi, Tanzania. aLondon :bIAI,c1967. a95 p.10aNyamwezi (African people)@0000149802